01398cam a2200325 a 45000010008000000030004000080050017000120080041000290100017000700200018000870400013001050430012001180500021001300820020001512450054001712500149002252600037003743000022004114400036004335000145004695000099006145000020007136500030007337000026007637000033007897000053008227000021008757300118008967400058010141551604OSt20230606083025.0910814s1990 enk 001 0 eng  a 91183014  a9780414047754 aDLCcDLC ae-uk-en00aKD7177b.B8 199000a347.420355bBLA00aBullen & Leake & Jacob's precedents of pleadings. a17th ed. /beditors, Sir Jack I.H. Jacob and Iain S. Goldrein ; with specialist contributors ; with a foreword by The Right Hon. Lord Griffiths. aLondon :bSweet & Maxwell,c2012 a1909 p. ;c26 cm. 4aThe Common law library ;vno. 2 aRev. ed. of: Bullen and Leake and Jacob's precedents of pleadings in the Queen's Bench Division of the High Court of Justice. 12th ed. 1975. a"... this edition ... is the collective work of 19 specialist practitioners at the Bar"--Pref. aIncludes index. 0aPleadingzEnglandxForms.1 aBullen, Edward,d20121 aLeake, Stephen Martin,d20121 aJacob, Jack I. H.q(Jack Isaac Hai),cSir,d20121 aGoldrein, Ian S.0 aBullen and Leake and Jacaob's precedents of pleadings in the Queen's Bench Division of the High Court of Justice.0 aBullen and Leake and Jacob's precedents of pleadings.